• 首页
  • 本馆介绍
  • 公告通知
  • 最新文献
  • 馆藏检索
  • 电子资源
  • 读者导购
  • 参考咨询
  • 我的图书馆
  • 登录
  • 详细信息显示
  • 放入我的书架
  • 预约/预借图书
  • 作者相关作品
  • 分类相关作品
  • 丛书相关作品
  • 出版社相关作品

书目信息

  • 表格格式
  • 工作单格式
  • 卡片格式
题名:
画法几何
    
 
作者: ;同济大学建筑制图教研室 编
分册:  
出版信息: 上海   同济大学出版社  1985
页数: 204页
开本: 26cm
丛书名:
单 册:
中图分类: O185.2
科图分类:
主题词: 画法几何--高等学校--教材
电子资源:
ISBN:
000 00680nam0 2200241 45
001 0185009601
005 20040908090506.4
010    @dCNY2.30
091    @a15335.017
100    @a19900918d1985 em y0chiy0121 ea
101 0  @achi
102    @aCN@b310000
105    @ay z 000yy
106    @ar
200 10 @a画法几何@Ahua fa ji he@f同济大学建筑制图教研室编
210    @a上海@c同济大学出版社@d1985
215    @a204页@d26cm
606    @a画法几何@x高等学校@x教材
690    @aO185.2@v3
711 02 @a同济大学建筑制图教研室@Atong ji da xue jian zhu zhi tu jiao yan shi@4编
801  0 @aCN@b深圳图书馆@c20040524
801  2 @aCN@bNLC@c20040524
905    @dO185.2@e11@f1@b140851
    
    画法几何/同济大学建筑制图教研室编.-上海:同济大学出版社,1985
    204页;26cm
    
    
    ISBN :CNY2.30
    
●
相关链接 在E读中查询图书 在五车中查询图书 在当当中查询图书 在豆瓣中查询图书


正题名:画法几何     索取号:O185.2/11         预约/预借

序号 登录号 条形码 馆藏地/架位号 状态 备注
1 0140850   000397323   密集书库/ [索取号:O185.2/11] 在馆    
2 0140851   001949306   密集书库/ [索取号:O185.2/11] 在馆    
3 0140852   000397314   第三借阅区/ [索取号:O185.2/11] 在馆    
4 0140853   000397270   密集书库/ [索取号:O185.2/11] 在馆    
5 0140854   202094606   第二样本阅览室/ [索取号:O185.2/11] 在馆    
唐山师范学院图书馆 欢迎您!
大连网信软件有限公司© 版权所有